Culture Générale - Série 2099 - Statistiques

Statistiques générales
  • Ce quiz a été pris 95 fois
  • Le résultat moyen est 3 sur 10
Statistiques - réponses
Question Réponse % Correct
Dans quelle ville peut-on voir le plus haut gratte-ciel du monde appelé Burj Khalifa (828 m) ? Dubaï
87%
Qui a écrit "Jacques le fataliste" et "Le neveu de Rameau" ? Denis Diderot
53%
Quelle rivière de la République démocratique du Congo a donné son nom à un virus provocant chez l'homme et les autres primates, des fièvres souvent hémorragiques ? Ebola
49%
Quelle capitale se situe sur la presqu'île du Cap-Vert ? Dakar
37%
Complétez les paroles de la chanson "Lettre à Hélène" de Dave : " Quelle idée, ma douce Hélène, de t'exiler aux îles des .... Kerguelen
33%
Qui a écrit en 1939 la pièce de théâtre "Caligula" ? Albert Camus
27%
Quelle capitale africaine a aussi été capitale de la France libre de 1940 à 1942 ? Brazzaville
13%
Quel général chouan a manqué de tuer Napoléon avec sa machine infernale ? voir photo Georges Cadoudal
10%
Dans quel département français coule la rivière Ubaye ? Alpes-de-Haute-Provence
9%
Quel est le saint patron de la Bretagne ? Yves
8%
Aucun quiz correspondant
Distribution des résultats
% des personnes avec chaque résultat
Percentile par nombre de réponses
Votre historique - résultats
Vous n’avez pas pris ce quiz